[Event "SVK-chT3B2 1516"]
[Site "Slovakia"]
[Date "2015.11.15"]
[Round "2.1"]
[White "Mikus, Teodor"]
[Black "Marko, Anton"]
[Result "0-1"]
[WhiteElo "1898"]
[BlackElo "2126"]
[PlyCount "78"]
[EventDate "2015.10.11"]
[EventType "team-tourn"]
[EventRounds "11"]
[EventCountry "SVK"]
[SourceTitle "OM OTB B 201907"]
[Source "Opening Master"]
[SourceDate "2019.07.06"]
[SourceVersion "2"]
[SourceVersionDate "2019.07.06"]
[SourceQuality "1"]

1. e4 c5 2. Nf3 Nc6 3. d4 cxd4 4. Nxd4 Nf6 5. Nc3 d6 6. Be2 e5 7. Nxc6 bxc6 8.
O-O Be7 9. Kh1 d5 10. exd5 cxd5 11. Bb5+ Bd7 12. Qe2 d4 13. Ne4 O-O 14. Bxd7
Qxd7 15. f4 Qd5 16. Nxf6+ Bxf6 17. fxe5 Bxe5 18. Qd3 Rfe8 19. Bf4 Rac8 20. Rad1
Bf6 21. a3 Qc6 22. Rf2 Re4 23. Rdf1 Rce8 24. Qf3 R8e6 25. Bg5 h6 26. Bc1 Qa6
27. g3 Re2 28. Kg2 Qc4 29. Rxe2 Rxe2+ 30. Rf2 Rxf2+ 31. Qxf2 d3 32. c3 a5 33.
h4 a4 34. Qe3 Kh7 35. Kf3 g5 36. Qe4+ Qxe4+ 37. Kxe4 gxh4 38. gxh4 Bxh4 39.
Kxd3 Bg3 0-1

[Event "SVK-chT1E 1516"]
[Site "Slovakia"]
[Date "2015.11.14"]
[Round "3.2"]
[White "Miciak, Maros"]
[Black "Rojicek, Vojtech"]
[Result "1-0"]
[WhiteElo "2141"]
[BlackElo "2405"]
[PlyCount "91"]
[EventDate "2015.10.24"]
[EventType "team-tourn"]
[EventRounds "11"]
[EventCountry "SVK"]
[SourceTitle "OM OTB B 201907"]
[Source "Opening Master"]
[SourceDate "2019.07.06"]
[SourceVersion "2"]
[SourceVersionDate "2019.07.06"]
[SourceQuality "1"]

1. e4 c5 2. Nf3 d6 3. d4 cxd4 4. Nxd4 Nf6 5. Nc3 Nc6 6. Be2 e5 7. Nb3 Be7 8.
Be3 O-O 9. f3 a5 10. a4 Nb4 11. O-O Be6 12. Kh1 d5 13. Bc5 Rc8 14. Bxb4 axb4
15. Nxd5 Nxd5 16. exd5 Qxd5 17. Qxd5 Bxd5 18. Bd3 Rfd8 19. Rad1 g6 20. g4 Bg5
21. Kg2 Bc4 22. Rf2 Rd6 23. Na5 Bxd3 24. Rxd3 Rxd3 25. cxd3 Ra8 26. Nxb7 Rxa4
27. Rc2 Ra1 28. Nd6 Rb1 29. Nc4 Bf4 30. h4 Rd1 31. Re2 f6 32. Na5 Rxd3 33. Nc6
b3 34. Na5 Kf7 35. Re4 Rd2+ 36. Kf1 Rxb2 37. Rb4 Rh2 38. Nxb3 Rxh4 39. Nc5 Rh1+
40. Kg2 Rh2+ 41. Kg1 Rc2 42. Rb7+ Kg8 43. Ne6 Be3+ 44. Kh1 Bh6 45. Kg1 Rc6 46.
Rb8+ 1-0

[Event "COL-ch rapid"]
[Site "Quibdo"]
[Date "2015.11.09"]
[Round "1"]
[White "Hernandez Sanchez, Jairo Andres"]
[Black "Acosta Cubides, Jorian Jared"]
[Result "1/2-1/2"]
[WhiteElo "2299"]
[BlackElo "1962"]
[PlyCount "72"]
[EventDate "2015.11.09"]
[EventType "swiss (rapid)"]
[EventRounds "9"]
[EventCountry "COL"]
[SourceTitle "OM OTB B 201907"]
[Source "Opening Master"]
[SourceDate "2019.07.06"]
[SourceVersion "2"]
[SourceVersionDate "2019.07.06"]
[SourceQuality "1"]

1. e4 c5 2. Nf3 d6 3. d4 cxd4 4. Nxd4 Nf6 5. Nc3 Nc6 6. Be2 e5 7. Nb3 Be7 8.
O-O O-O 9. f4 exf4 10. Bxf4 Be6 11. Bf3 Qb6+ 12. Kh1 a5 13. Qe2 a4 14. Be3 Qc7
15. Nb5 Qc8 16. Nd2 Ne5 17. Nd4 Qd7 18. b3 d5 19. Nxe6 Qxe6 20. exd5 Nxd5 21.
Bxd5 Qxd5 22. Rad1 Qc6 23. Bd4 Ng6 24. Qc4 axb3 25. axb3 Ra2 26. Qxc6 bxc6 27.
c4 Bb4 28. Ne4 f5 29. Bc5 Bxc5 30. Nxc5 f4 31. Ne6 Re8 32. Nxf4 Nxf4 33. Rxf4
Rd2 34. Rdf1 Rd3 35. b4 Rb3 36. c5 Rb8 1/2-1/2

[Event "SWE-chT 1516 Superettan"]
[Site "Sweden"]
[Date "2015.11.06"]
[Round "1"]
[White "Dadabaev, Janybek"]
[Black "Svensson, Mans"]
[Result "1-0"]
[WhiteElo "1943"]
[BlackElo "2148"]
[PlyCount "103"]
[EventDate "2015.11.06"]
[EventType "team-tourn"]
[EventRounds "9"]
[EventCountry "SWE"]
[SourceTitle "OM OTB B 201907"]
[Source "Opening Master"]
[SourceDate "2019.07.06"]
[SourceVersion "2"]
[SourceVersionDate "2019.07.06"]
[SourceQuality "1"]
[WhiteTeam "Stockholm Rockaden II"]
[BlackTeam "Upsala"]
[WhiteTeamCountry "SWE"]
[BlackTeamCountry "SWE"]

1. e4 c5 2. Nf3 Nc6 3. d4 cxd4 4. Nxd4 Nf6 5. Nc3 d6 6. Be2 e5 7. Nf3 Be7 8.
O-O O-O 9. Bg5 Be6 10. Bxf6 Bxf6 11. Nd5 Be7 12. c3 Qd7 13. Qd2 h6 14. Rad1
Rad8 15. Bb5 f5 16. exf5 Bxf5 17. Qe2 Kh8 18. Ne3 Qc8 19. Nxf5 Qxf5 20. Bd3 Qf4
21. Be4 Qf7 22. Qb5 Bf6 23. Bd5 Qc7 24. Rfe1 Rd7 25. Nd2 Ne7 26. Be6 Rdd8 27.
Ne4 a6 28. Qb3 b5 29. Rd2 Nc6 30. Qd1 Be7 31. Re3 Na5 32. b3 Nc6 33. Rg3 Rf4
34. Re3 b4 35. cxb4 Nxb4 36. g3 Rff8 37. a3 Nc6 38. h4 Nd4 39. Bd5 g6 40. b4
Qd7 41. Nc3 Qf5 42. Be4 Qf7 43. Nd5 Kg7 44. Qg4 Bf6 45. Rc3 h5 46. Qh3 Qe6 47.
Qf1 Nb5 48. Rc6 Qg4 49. Bg2 e4 50. Rxa6 Nc3 51. Ra7+ Kg8 52. Nxc3 1-0

[Event "Bayern-chI Bank Hofmann 19th"]
[Site "Bad Wiessee"]
[Date "2015.10.31"]
[Round "1"]
[White "Just, Anita"]
[Black "Kozul, Zdenko"]
[Result "0-1"]
[WhiteElo "1964"]
[BlackElo "2614"]
[PlyCount "64"]
[EventDate "2015.10.31"]
[EventType "swiss"]
[EventRounds "9"]
[EventCountry "GER"]
[SourceTitle "OM OTB B 201907"]
[Source "Opening Master"]
[SourceDate "2019.07.06"]
[SourceVersion "2"]
[SourceVersionDate "2019.07.06"]
[SourceQuality "1"]

1. e4 c5 2. Nf3 d6 3. d4 cxd4 4. Nxd4 Nf6 5. Nc3 Nc6 6. Be2 e5 7. Nb3 Be7 8.
O-O O-O 9. f4 a5 10. a4 Nb4 11. Bf3 Be6 12. f5 Qb6+ 13. Kh1 Bc4 14. Re1 Nxc2
15. Nxa5 Bd3 16. Nc4 Qd4 17. Na3 Nxe1 18. Qxe1 d5 19. Nab5 Qb6 20. exd5 Bxb5
21. Nxb5 Qxb5 22. axb5 Rxa1 23. d6 Rc8 24. Bc6 bxc6 25. b6 Bxd6 26. g3 Rb8 27.
Qe3 Nd5 28. Qd2 Bc5 29. Kg2 Be3 30. Qe2 Rxc1 31. f6 Bd4 32. fxg7 Rc2 0-1

[Event "Sautron op 15th"]
[Site "Sautron"]
[Date "2015.10.28"]
[Round "6"]
[White "Lucas, Arthur"]
[Black "Migot, Tangi"]
[Result "0-1"]
[WhiteElo "1829"]
[BlackElo "2399"]
[PlyCount "110"]
[EventDate "2015.10.24"]
[EventType "swiss"]
[EventRounds "9"]
[EventCountry "FRA"]
[SourceTitle "OM OTB B 201907"]
[Source "Opening Master"]
[SourceDate "2019.07.06"]
[SourceVersion "2"]
[SourceVersionDate "2019.07.06"]
[SourceQuality "1"]

1. e4 c5 2. Nf3 Nc6 3. d4 cxd4 4. Nxd4 Nf6 5. Nc3 d6 6. Be2 e5 7. Nb3 Be7 8.
O-O a5 9. a4 O-O 10. Bg5 Nb4 11. Bxf6 Bxf6 12. Nd5 Nxd5 13. Qxd5 Qc7 14. c4 Be6
15. Qd3 Rfc8 16. Nd2 Qd7 17. b3 Bd8 18. Nb1 Bb6 19. Nc3 Rf8 20. Rad1 Bc5 21.
Kh1 f5 22. f4 Rad8 23. fxe5 dxe5 24. exf5 Bxf5 25. Qxd7 Rxd7 26. Rxd7 Bxd7 27.
Bf3 b6 28. Bd5+ Kh8 29. Rxf8+ Bxf8 30. Ne4 Bg4 31. Ng5 g6 32. Nf7+ Kg7 33. Nxe5
Bd1 34. Nd7 Bc5 35. Nxc5 bxc5 36. Bc6 Bxb3 37. Bb5 Kf6 38. Kg1 Ke5 39. Kf2 Kd4
40. h4 Bxc4 41. Be8 Bd3 42. Ke1 h6 43. Kd2 g5 44. hxg5 hxg5 45. Bd7 c4 46. Bc8
Bb1 47. Kc1 Be4 48. g4 Bc6 49. Kb2 Bxa4 50. Bf5 c3+ 51. Kc1 Bb3 52. Kb1 a4 53.
Ka1 a3 54. Kb1 a2+ 55. Ka1 c2 0-1

[Event "SVK-chT1E 1516"]
[Site "Slovakia"]
[Date "2015.10.25"]
[Round "2.7"]
[White "Grich, Frantisek"]
[Black "Csolto, Tibor"]
[Result "0-1"]
[WhiteElo "1871"]
[BlackElo "2111"]
[PlyCount "62"]
[EventDate "2015.10.24"]
[EventType "team-tourn"]
[EventRounds "11"]
[EventCountry "SVK"]
[SourceTitle "OM OTB B 201907"]
[Source "Opening Master"]
[SourceDate "2019.07.06"]
[SourceVersion "2"]
[SourceVersionDate "2019.07.06"]
[SourceQuality "1"]

1. e4 c5 2. Nf3 Nc6 3. d4 cxd4 4. Nxd4 Nf6 5. Nc3 d6 6. Be2 e5 7. Nf3 h6 8. h3
Be7 9. O-O O-O 10. Nh2 Be6 11. f4 exf4 12. Rxf4 Ne5 13. Be3 a6 14. Nd5 Ng6 15.
Nxf6+ Bxf6 16. Rf1 Bxb2 17. Rb1 Be5 18. Rxb7 Qc8 19. Rb6 Bxh3 20. Bg4 Bxh2+ 21.
Kxh2 Bxg4 22. Qxd6 Qc4 23. Qd3 Ne5 24. Qxc4 Nxc4 25. Rb3 Nxe3 26. Rxe3 Rfc8 27.
c3 Be6 28. Rf2 Rab8 29. Rd2 Rb5 30. Rc2 Ra5 31. Ree2 Ra3 0-1

[Event "HUN-chT2 Maroczy 1516"]
[Site "Hungary"]
[Date "2015.10.18"]
[Round "1.10"]
[White "Furedi, Erik"]
[Black "Mester, Attila"]
[Result "0-1"]
[WhiteElo "2040"]
[BlackElo "2078"]
[PlyCount "110"]
[EventDate "2015.10.18"]
[EventType "team-tourn"]
[EventRounds "9"]
[EventCountry "HUN"]
[SourceTitle "OM OTB B 201907"]
[Source "Opening Master"]
[SourceDate "2019.07.06"]
[SourceVersion "2"]
[SourceVersionDate "2019.07.06"]
[SourceQuality "1"]

1. e4 c5 2. Nf3 d6 3. d4 cxd4 4. Nxd4 Nf6 5. Nc3 Nc6 6. Be2 e5 7. Nb3 Be7 8.
Be3 O-O 9. O-O a5 10. a3 a4 11. Nd2 Nd4 12. Nc4 b5 13. Bxd4 bxc4 14. Be3 Be6
15. Bf3 Qc7 16. Qe2 Rfb8 17. Rab1 Qc8 18. h3 Ra5 19. Rfd1 h6 20. Qd2 Qc7 21.
Kh1 Bf8 22. Qe1 Rd8 23. Rd2 Rb8 24. Qf1 Rb7 25. Qd1 Qb8 26. Qc1 Qc8 27. Kh2 Qc7
28. g3 Ra8 29. Bg2 Qa5 30. Na2 d5 31. exd5 Bxd5 32. c3 Bxg2 33. Kxg2 Rd8 34.
Nb4 Rbd7 35. Rxd7 Rxd7 36. Qf1 Bxb4 37. cxb4 Qd5+ 38. Kg1 Qe4 39. Rc1 Rd3 40.
Bc5 Qd5 41. Be3 Ne4 42. Qg2 f5 43. Qf3 g6 44. Qe2 g5 45. Qh5 Kg7 46. Qe8 Nf6
47. Qe7+ Kg6 48. Bc5 f4 49. Re1 fxg3 50. Rxe5 gxf2+ 51. Bxf2 Qf3 52. Qe6 Rd2
53. Qb6 Qxh3 54. Qb7 Rxf2 55. Kxf2 Qh2+ 0-1

[Event "IND-ch U25"]
[Site "Kankarbagh"]
[Date "2015.10.17"]
[Round "7"]
[White "Anshul, Nigam"]
[Black "Ved, Prakash"]
[Result "1/2-1/2"]
[WhiteElo "1677"]
[BlackElo "1729"]
[PlyCount "68"]
[EventDate "2015.10.13"]
[EventType "swiss"]
[EventRounds "9"]
[EventCountry "IND"]
[SourceTitle "OM OTB B 201907"]
[Source "Opening Master"]
[SourceDate "2019.07.06"]
[SourceVersion "2"]
[SourceVersionDate "2019.07.06"]
[SourceQuality "1"]

1. e4 c5 2. Nf3 Nc6 3. d4 cxd4 4. Nxd4 Nf6 5. Nc3 d6 6. Be2 e5 7. Nf3 Be7 8.
Bg5 Be6 9. Bxf6 Bxf6 10. O-O O-O 11. Qd2 Qb6 12. a3 Nd4 13. Nxd4 exd4 14. Nd5
Bxd5 15. exd5 Rac8 16. Bd3 Qc5 17. Qb4 Qxd5 18. Rfe1 Qc5 19. Qxb7 d5 20. Qd7 g6
21. b4 Qc6 22. Qxc6 Rxc6 23. b5 Rc3 24. a4 Rb8 25. Reb1 Rc7 26. a5 Be7 27. Ra2
Bc5 28. Rab2 Rcb7 29. b6 axb6 30. Rb5 Rc8 31. axb6 Rc6 32. R1b3 Bxb6 33. Rxd5
Ra7 34. g3 Rf6 1/2-1/2

[Event "Budapest FS10 FM"]
[Site "Budapest"]
[Date "2015.10.12"]
[Round "10"]
[White "Steer, Jozsef"]
[Black "Mester, Attila"]
[Result "0-1"]
[WhiteElo "1755"]
[BlackElo "2044"]
[PlyCount "44"]
[EventDate "2015.10.03"]
[EventType "tourn"]
[EventRounds "10"]
[EventCountry "HUN"]
[SourceTitle "OM OTB B 201907"]
[Source "Opening Master"]
[SourceDate "2019.07.06"]
[SourceVersion "2"]
[SourceVersionDate "2019.07.06"]
[SourceQuality "1"]

1. e4 c5 2. Nf3 Nc6 3. d4 cxd4 4. Nxd4 Nf6 5. Nc3 d6 6. Be2 e5 7. Ndb5 a6 8.
Na3 b5 9. Nd5 Nxe4 10. Be3 Rb8 11. Bf3 f5 12. Qd3 Nc5 13. Bxc5 dxc5 14. Ne3 e4
15. Bxe4 fxe4 16. Qxe4+ Ne7 17. O-O Qd4 18. Qf3 Bb7 19. Qg3 Rc8 20. Rfe1 Qf6
21. Rad1 h5 22. Rd6 h4 0-1

[Event "Bogota University op 9th"]
[Site "Bogota"]
[Date "2015.10.10"]
[Round "5"]
[White "Camargo, Santiago"]
[Black "Hernandez, Cristian Andres"]
[Result "1/2-1/2"]
[WhiteElo "2059"]
[BlackElo "2258"]
[PlyCount "43"]
[EventDate "2015.10.08"]
[EventType "swiss"]
[EventRounds "9"]
[EventCountry "COL"]
[SourceTitle "OM OTB B 201907"]
[Source "Opening Master"]
[SourceDate "2019.07.06"]
[SourceVersion "2"]
[SourceVersionDate "2019.07.06"]
[SourceQuality "1"]

1. e4 c5 2. Nf3 d6 3. d4 cxd4 4. Nxd4 Nf6 5. Nc3 Nc6 6. Be2 e5 7. Nb3 Be7 8.
Bg5 Be6 9. Qd2 h6 10. Bh4 O-O 11. Bxf6 Bxf6 12. Rd1 Be7 13. Nd5 Bg5 14. Qd3 a6
15. c3 f5 16. Nd2 Bxd2+ 17. Rxd2 fxe4 18. Qxe4 Bxd5 19. Qxd5+ Kh8 20. O-O Qb6
21. Bf3 Rf6 22. Rfd1 1/2-1/2

[Event "Chigorin Memorial 23rd"]
[Site "St Petersburg"]
[Date "2015.10.07"]
[Round "5"]
[White "Gorodnichin, Leonid"]
[Black "Kuznetsov, Felix"]
[Result "0-1"]
[WhiteElo "1798"]
[BlackElo "2074"]
[PlyCount "78"]
[EventDate "2015.10.03"]
[EventType "swiss"]
[EventRounds "9"]
[EventCountry "RUS"]
[SourceTitle "OM OTB B 201907"]
[Source "Opening Master"]
[SourceDate "2019.07.06"]
[SourceVersion "2"]
[SourceVersionDate "2019.07.06"]
[SourceQuality "1"]

1. e4 c5 2. Nf3 Nc6 3. d4 cxd4 4. Nxd4 Nf6 5. Nc3 d6 6. Be2 e5 7. Nb3 Be7 8.
Be3 O-O 9. f3 Be6 10. Qd2 a5 11. O-O a4 12. Nc1 a3 13. b3 d5 14. exd5 Nxd5 15.
Nxd5 Bxd5 16. Rd1 Be6 17. Nd3 Qc7 18. Nc5 Bf5 19. Ne4 Rfd8 20. Bd3 Rac8 21. Qf2
Nd4 22. Bxd4 Rxd4 23. Nf6+ gxf6 24. Qg3+ Bg6 25. h4 Bc5 26. Kf1 e4 27. Qxc7
Rxc7 28. Bxe4 Bxe4 29. fxe4 Rxe4 30. Rd8+ Kg7 31. g3 Rce7 32. Rd5 b6 33. c3 Re2
34. Rad1 Rf2+ 35. Kg1 Rxa2+ 36. Kf1 Ree2 37. b4 Rf2+ 38. Kg1 Rg2+ 39. Kf1 Rg1#
0-1

[Event "Chigorin Memorial 23rd"]
[Site "St Petersburg"]
[Date "2015.10.06"]
[Round "4"]
[White "Atabayev, Yusup"]
[Black "Abramov, Nikita"]
[Result "1-0"]
[WhiteElo "2428"]
[BlackElo "2222"]
[PlyCount "117"]
[EventDate "2015.10.03"]
[EventType "swiss"]
[EventRounds "9"]
[EventCountry "RUS"]
[SourceTitle "OM OTB B 201907"]
[Source "Opening Master"]
[SourceDate "2019.07.06"]
[SourceVersion "2"]
[SourceVersionDate "2019.07.06"]
[SourceQuality "1"]

1. e4 c5 2. Nf3 Nc6 3. d4 cxd4 4. Nxd4 Nf6 5. Nc3 d6 6. Be2 e5 7. Nb3 Be7 8.
O-O O-O 9. Bf3 a5 10. Be3 a4 11. Nd2 a3 12. bxa3 Rxa3 13. Nb3 Be6 14. Bc1 Ra8
15. a4 Nd7 16. Nd5 Nb6 17. Ba3 Nc4 18. Be2 Nxa3 19. Rxa3 f5 20. exf5 Bxf5 21.
Bd3 e4 22. Bc4 Kh8 23. Nd4 Bd7 24. Nb5 Ne5 25. Be2 Bc6 26. Qd4 Bg5 27. c4 Ng6
28. Qxe4 Re8 29. Qc2 Bxd5 30. cxd5 Rc8 31. Rc3 Rxc3 32. Nxc3 Qc7 33. Bb5 Rf8
34. Qb3 Bf4 35. Ne2 Be5 36. Qh3 Nf4 37. Nxf4 Rxf4 38. Bd3 g5 39. g3 Rxa4 40.
Qf5 Qe7 41. Qc8+ Kg7 42. Rc1 Ra1 43. Bb1 Qf7 44. Rc7 Rxb1+ 45. Kg2 Qxc7 46.
Qxc7+ Kh6 47. h4 gxh4 48. f4 Bf6 49. Qxd6 Rb2+ 50. Kf3 Kg6 51. gxh4 b5 52. h5+
Kg7 53. Kg4 Rh2 54. Qd7+ Kg8 55. Qxb5 Rh4+ 56. Kf5 Bg7 57. Qe8+ Bf8 58. d6 Rh2
59. d7 1-0

[Event "HUN-chT2 Erkel 1516"]
[Site "Hungary"]
[Date "2015.10.04"]
[Round "2.5"]
[White "Vass, Istvan"]
[Black "Sillye, Kalman"]
[Result "1-0"]
[WhiteElo "2066"]
[BlackElo "2072"]
[PlyCount "93"]
[EventDate "2015.09.13"]
[EventType "team-tourn"]
[EventRounds "11"]
[EventCountry "HUN"]
[SourceTitle "OM OTB B 201907"]
[Source "Opening Master"]
[SourceDate "2019.07.06"]
[SourceVersion "2"]
[SourceVersionDate "2019.07.06"]
[SourceQuality "1"]

1. e4 c5 2. Nf3 Nc6 3. d4 cxd4 4. Nxd4 Nf6 5. Nc3 d6 6. Be2 e5 7. Nb3 a5 8. a4
Be6 9. O-O Be7 10. Re1 O-O 11. Bf3 Nb4 12. Nb5 Rc8 13. c3 Nd3 14. Qxd3 Bxb3 15.
Bd1 Be6 16. Qg3 Ne8 17. Bg4 Qd7 18. Bxe6 Qxe6 19. Be3 f6 20. Bb6 Bd8 21. Qe3 d5
22. Bxd8 Rxd8 23. exd5 Rxd5 24. c4 Rd7 25. Qc3 b6 26. c5 Nc7 27. c6 Nxb5 28.
axb5 Rd5 29. Qb3 Kf7 30. Rad1 Rxd1 31. Qxe6+ Kxe6 32. Rxd1 Rf7 33. Kf1 Rc7 34.
Rd8 f5 35. Ke2 g6 36. Kd3 g5 37. Kc4 f4 38. Kd3 Kf5 39. Rd7 Rc8 40. Rxh7 e4+
41. Kd4 Re8 42. c7 e3 43. fxe3 Re4+ 44. Kd5 Re5+ 45. Kd6 Rc5 46. exf4 gxf4 47.
Rh5+ 1-0

[Event "Schleswig Holstein-ch Seniors op 9th"]
[Site "Buesum"]
[Date "2015.09.30"]
[Round "3"]
[White "Gehrmann, Dorit"]
[Black "Klages, Hans Juergen"]
[Result "0-1"]
[WhiteElo "1915"]
[BlackElo "2121"]
[PlyCount "52"]
[EventDate "2015.09.28"]
[EventType "swiss"]
[EventRounds "9"]
[EventCountry "GER"]
[SourceTitle "OM OTB B 201907"]
[Source "Opening Master"]
[SourceDate "2019.07.06"]
[SourceVersion "2"]
[SourceVersionDate "2019.07.06"]
[SourceQuality "1"]

1. e4 c5 2. Nf3 Nc6 3. d4 cxd4 4. Nxd4 Nf6 5. Nc3 d6 6. Be2 e5 7. Nb3 Be7 8.
O-O O-O 9. f3 Be6 10. Nd5 Bxd5 11. exd5 Nb4 12. c4 b5 13. cxb5 Nbxd5 14. Kh1
Qb6 15. Qd2 Nf4 16. a4 d5 17. Bd1 d4 18. Na5 N6d5 19. Nc4 Qc7 20. b3 f5 21. Ba3
Bxa3 22. Rxa3 Qc5 23. Ra1 e4 24. Rc1 e3 25. Ne5 Nc3 26. Rxc3 Qxe5 0-1

[Event "CP-2015-P-00033"]
[Site "Lechenicher SchachServer"]
[Date "2015.09.28"]
[Round "?"]
[White "Schubert, Steffen"]
[Black "Veiseh, David"]
[Result "1/2-1/2"]
[WhiteElo "1867"]
[BlackElo "1712"]
[PlyCount "59"]
[EventDate "2015.10.01"]

1. e4 c5 2. Nf3 Nc6 3. d4 cxd4 4. Nxd4 Nf6 5. Nc3 d6 6. Be2 e5 7. Nxc6 bxc6 8.
Qd3 Be7 9. O-O O-O 10. Qg3 Ne8 11. f4 Bh4 12. Qf3 exf4 13. Bxf4 Qb6+ 14. Kh1
Qxb2 15. Rab1 Qa3 16. e5 d5 17. Bd3 Qe7 18. Ne2 Nc7 19. Bd2 Bg5 20. Bb4 c5 21.
Ba5 Be6 22. Rb7 Rac8 23. Nf4 Bxf4 24. Qxf4 Rfd8 25. Bb5 a6 26. Bc6 d4 27. a4 d3
28. cxd3 Rxd3 29. Bb6 c4 30. Qc1 1/2-1/2

[Event "EU-ch U14 25th"]
[Site "Porec"]
[Date "2015.09.27"]
[Round "6"]
[White "Meglic, Jaka"]
[Black "Miesbauer, Jan"]
[Result "0-1"]
[WhiteElo "1826"]
[BlackElo "2297"]
[PlyCount "120"]
[EventDate "2015.09.21"]
[EventType "swiss"]
[EventRounds "9"]
[EventCountry "CRO"]
[SourceTitle "OM OTB B 201907"]
[Source "Opening Master"]
[SourceDate "2019.07.06"]
[SourceVersion "2"]
[SourceVersionDate "2019.07.06"]
[SourceQuality "1"]

1. e4 c5 2. Nf3 d6 3. d4 cxd4 4. Nxd4 Nf6 5. Nc3 Nc6 6. Be2 e5 7. Nb3 Be7 8.
O-O O-O 9. Kh1 a5 10. a4 Nb4 11. f4 Bd7 12. Bf3 Rc8 13. Be3 Bc6 14. Qe2 Qc7 15.
Qf2 Bd8 16. Rad1 b6 17. Rd2 Qb7 18. Rxd6 exf4 19. Bxf4 Nxe4 20. Nxe4 Bxe4 21.
c3 Bxf3 22. Qxf3 Qxf3 23. Rxf3 Bc7 24. Rd2 Rfe8 25. Kg1 Bxf4 26. Rxf4 Nc6 27.
Kf2 Ne5 28. Rdd4 f6 29. Nd2 Rcd8 30. Ke2 Nd7+ 31. Ne4 Ne5 32. Nd2 Nc6+ 33. Rde4
Kf7 34. Ke3 Ne5 35. Rd4 g5 36. Rfe4 f5 37. Rxd8 Ng4+ 38. Ke2 Rxd8 39. Rc4 Re8+
40. Kf1 Ne3+ 41. Kf2 Nxc4 42. Nxc4 Re6 43. Kf3 Kf6 44. Ne3 h5 45. g3 h4 46. Nc4
hxg3 47. hxg3 g4+ 48. Kf2 Kg5 49. Nd2 f4 50. gxf4+ Kxf4 51. Nf1 Rd6 52. b4 axb4
53. cxb4 Rd4 54. a5 b5 55. Ng3 Rxb4 56. Ne2+ Kg5 57. Nc3 Rb3 58. Ne4+ Kf4 59.
Nd6 g3+ 60. Kf1 Kf3 0-1

[Event "EU-ch U16 25th"]
[Site "Porec"]
[Date "2015.09.27"]
[Round "6"]
[White "Sawlin, Leonid"]
[Black "Tomczak, Mikolaj"]
[Result "1-0"]
[WhiteElo "2258"]
[BlackElo "2372"]
[PlyCount "69"]
[EventDate "2015.09.21"]
[EventType "swiss"]
[EventRounds "9"]
[EventCountry "CRO"]
[SourceTitle "OM OTB B 201907"]
[Source "Opening Master"]
[SourceDate "2019.07.06"]
[SourceVersion "2"]
[SourceVersionDate "2019.07.06"]
[SourceQuality "1"]

1. e4 c5 2. Nf3 Nc6 3. d4 cxd4 4. Nxd4 Nf6 5. Nc3 d6 6. Be2 e5 7. Nf3 h6 8. O-O
Be7 9. Re1 O-O 10. h3 Be6 11. Bf1 Nb8 12. a4 a6 13. a5 Qc7 14. Nd5 Nxd5 15.
exd5 Bf5 16. c4 Nd7 17. b4 e4 18. Nd4 Bg6 19. f4 Bh4 20. Re3 Bf6 21. Bb2 b6 22.
Qd2 bxa5 23. Rxa5 Qb6 24. Bc3 Nb8 25. c5 dxc5 26. bxc5 Qb7 27. Bc4 Rd8 28. Nb3
Be7 29. Rg3 Bf8 30. f5 Bh7 31. Qd4 f6 32. Qxf6 Re8 33. d6+ Kh8 34. Bf7 Bxf5 35.
Qxh6+ 1-0

[Event "EU-ch U18 25th"]
[Site "Porec"]
[Date "2015.09.25"]
[Round "5"]
[White "Codenotti, Marco"]
[Black "Saveliev, Alexei"]
[Result "1/2-1/2"]
[WhiteElo "2413"]
[BlackElo "2253"]
[PlyCount "125"]
[EventDate "2015.09.21"]
[EventType "swiss"]
[EventRounds "9"]
[EventCountry "CRO"]
[SourceTitle "OM OTB B 201907"]
[Source "Opening Master"]
[SourceDate "2019.07.06"]
[SourceVersion "2"]
[SourceVersionDate "2019.07.06"]
[SourceQuality "1"]

1. e4 c5 2. Nf3 d6 3. d4 cxd4 4. Nxd4 Nf6 5. Nc3 Nc6 6. Be2 e5 7. Nb3 Be7 8.
Be3 O-O 9. f3 a5 10. Nd5 Nxd5 11. exd5 Nb8 12. O-O Bf5 13. f4 exf4 14. Bxf4 Bg6
15. Bd3 Bf6 16. Bxg6 hxg6 17. Rb1 Nd7 18. Kh1 Be5 19. Nd4 Bxf4 20. Rxf4 Qg5 21.
Qd2 Qxd5 22. c4 Qxc4 23. Nf5 Qe6 24. Nxd6 Ne5 25. Nxb7 Rab8 26. Nxa5 Qxa2 27.
Rff1 Rb5 28. Ra1 Qxb2 29. Qxb2 Rxb2 30. Rac1 Ra8 31. Nc4 Nxc4 32. Rxc4 g5 33.
h3 f6 34. Rcc1 Raa2 35. Rg1 Kh7 36. Rb1 Rc2 37. Rbc1 Kg6 38. Rxc2 Rxc2 39. Ra1
Rc4 40. Kg1 g4 41. hxg4 Rxg4 42. Kf2 Rb4 43. Ra7 f5 44. g3 Kf6 45. Rc7 g6 46.
Rc6+ Kg5 47. Kf3 Rb3+ 48. Kg2 Kh5 49. Kf2 Rb2+ 50. Kf1 Rb4 51. Kg2 g5 52. Rc2
Kg4 53. Ra2 Rc4 54. Rb2 Ra4 55. Rc2 Ra3 56. Rc4+ f4 57. gxf4 gxf4 58. Rc2 Rg3+
59. Kf2 Rh3 60. Rc8 Rh2+ 61. Kg1 Ra2 62. Rc3 f3 63. Rc8 1/2-1/2

[Event "EU-ch U14 25th"]
[Site "Porec"]
[Date "2015.09.24"]
[Round "4"]
[White "Meglic, Jaka"]
[Black "Gumularz, Szymon"]
[Result "0-1"]
[WhiteElo "1826"]
[BlackElo "2239"]
[PlyCount "86"]
[EventDate "2015.09.21"]
[EventType "swiss"]
[EventRounds "9"]
[EventCountry "CRO"]
[SourceTitle "OM OTB B 201907"]
[Source "Opening Master"]
[SourceDate "2019.07.06"]
[SourceVersion "2"]
[SourceVersionDate "2019.07.06"]
[SourceQuality "1"]

1. e4 c5 2. Nf3 d6 3. d4 cxd4 4. Nxd4 Nf6 5. Nc3 Nc6 6. Be2 e5 7. Nb3 Be7 8.
O-O a5 9. a4 O-O 10. Kh1 Nb4 11. f4 Qb6 12. Bf3 Be6 13. f5 Bc4 14. Be2 Rac8 15.
Bxc4 Rxc4 16. Qe2 Rfc8 17. Bg5 Rxc3 18. bxc3 Rxc3 19. Bxf6 Bxf6 20. Qb5 Qxb5
21. axb5 b6 22. Rf3 Rxc2 23. Rc1 Rxc1+ 24. Nxc1 Kf8 25. Kg1 Ke7 26. Kf2 d5 27.
exd5 Nxd5 28. Rd3 Kd6 29. Nb3 e4 30. Rd1 a4 31. Nd4 Nc3 32. Rd2 Kc5 33. Nc2 e3+
34. Kxe3 Bg5+ 35. Kd3 Bxd2 36. Kxd2 Nxb5 37. Kd3 Nd6 38. g4 b5 39. Kc3 b4+ 40.
Kb2 Nc4+ 41. Kb1 b3 42. Ne1 Kd4 43. Nf3+ Kc3 0-1

[Event "Tuimazy Bashkortostan Cup"]
[Site "Tuimazy"]
[Date "2015.09.23"]
[Round "8"]
[White "Davletshin, Vener"]
[Black "Bigalin, Ilnar"]
[Result "1-0"]
[WhiteElo "1743"]
[BlackElo "1226"]
[PlyCount "51"]
[EventDate "2015.09.12"]
[EventType "tourn"]
[EventRounds "11"]
[EventCountry "RUS"]
[SourceTitle "EXT 2016"]
[Source "ChessBase"]
[SourceDate "2015.10.10"]
[SourceVersion "1"]
[SourceVersionDate "2015.10.10"]
[SourceQuality "1"]

1. e4 c5 2. Nf3 Nc6 3. d4 cxd4 4. Nxd4 d6 5. Nc3 Nf6 6. Be2 e5 7. Nb3 Be6 8.
O-O Be7 9. f4 exf4 10. Bxf4 O-O 11. Rf3 Ng4 12. Rd3 Qb6+ 13. Nd4 Nge5 14. Rd2
Qxb2 15. Nxc6 bxc6 16. Bxe5 dxe5 17. Rd3 Qb6+ 18. Kh1 Rab8 19. Bg4 Bc4 20. Rh3
Rfd8 21. Qe1 g6 22. Be2 Be6 23. Rd3 Qc5 24. Rad1 Qb6 25. Na4 Qb5 26. Rxd8+ 1-0